Antología : textos literarios y no literarios /

Guardado en:
Autor Principal: Bavio, Carmen
Otros Autores: Chozas, María Silvia, Falbo, Silvia María
Formato: Libro
Publicado: Buenos Aires : kapelusz, 2002
Series:Puntos suspensivos
Materias:
Etiquetas: Agregar Etiqueta
Sin Etiquetas, Sea el primero en etiquetar este registro!
LEADER 01584nam a22002535a 4500
001 CEM.cems010881
005 20080311092920.0
008 130507s2002##################000#0#####d
003 CEMS
082 0 4 |a 468 
100 1 |a Bavio, Carmen 
245 1 0 |a Antología :  |b textos literarios y no literarios /  |c Carmen Bavio, María Silvia Chozas, Silvia María Falbo 
260 |a Buenos Aires :  |b kapelusz,  |c 2002 
300 |a 56 p. 
490 0 |a Puntos suspensivos 
500 |a Obra compuesta por fragmentos de textos literarios y no literarios y acompaña la edición de Lengua 7 
505 0 |a Cuestión de piel / Ema Wolf -- El canto de las sirenas / Homero -- Los perros hambrientos / Ciro Alegría -- Sobrevivir / Vitus Droscher -- Programa de Adopción Ballena Franca Austral -- El canto de los abismos, Enciclopedia Cousteau -- Las cartas de la señorita Jerusha Abbott para el señor Papaíto piernas largas / Jean Webster -- La carta de Dominguito / Domingo F. Sarmiento -- Aquel sagrado suelo / Federico Peltzer -- Trabajos prácticos y experimentos / Gustavo G. Levene -- Un asteroide y un cometa causó la mayor extinsión de las especies ( Diario La Nación) -- Clemente / Caloi -- Coplas enamoradas / Anónimo -- Qué es el teatro / Silvia Ana Dosen -- Orígenes del teatro / Ana Bravo y Javier Ardúriz 
653 |a Textos literarios 
653 |a Textos no literarios 
653 |a Antología 
653 |a Lengua-3er. ciclo egb 
700 1 |a Chozas, María Silvia 
700 1 |a Falbo, Silvia María 
859 |a CEMS  |b BIB. CEMS - 11 de abril  |h 468  |i B238-1  |p 21598.02  |t Ej.1  |v 7º  |3 7º